Història gràfica de la Catalunya Autònoma 1931-1939 / Edmon Vallès
Descripción Física:
2 v. : il. ; 30 cm
MARC
| LEADER | 00000nam a2200000Ia 4500 | ||
|---|---|---|---|
| 001 | 1701, 1702 | ||
| 008 | 160829s1981 - 1982 xx 000 0 cat d | ||
| 080 | |a H-1-4, H-1-5 | ||
| 100 | |a Vallès, Edmon |9 30149 | ||
| 245 | |a Història gràfica de la Catalunya Autònoma 1931-1939 / Edmon Vallès | ||
| 250 | |a 2a ed. | ||
| 260 | |a Barcelona : |b Edicions 62, |c 1981 - 1982 | ||
| 300 | |a 2 v. : |b il. ; |c 30 cm | ||
| 590 | |a Conté: 1: La Pau : del 14 d'abril de 1931 al 19 de juliol de 1936; 2: La Guerra : del 19 de juliol de 1936 a l'11 de febrer de 1939 | ||
| 651 | 0 | |a Catalunya |x Història |y 1931-1939, Segona República |9 53541 | |
| 901 | |a Arxiu | ||
| 942 | |n 1 | ||
| 952 | |0 0 |1 0 |4 0 |6 H14_H15 |7 1 |9 48172 |a Arxiu |b Arxiu |d 2016-12-01 |l 0 |o H-1-4, H-1-5 |p 1701, 1702 |r 2016-12-01 00:00:00 |w 2016-12-01 |y ARXIU | ||
| 999 | |c 51975 |d 51975 | ||